| 000 | 00484nam a2200193 i 4500 | ||
|---|---|---|---|
| 001 | 29737 | ||
| 003 | ES-MaACL | ||
| 005 | 20231224062912.0 | ||
| 007 | t| | ||
| 008 | 030122s1959 sp |||| | spa d | ||
| 100 | 1 |
_aBaroja, Pío, _d1872-1956 _925752 |
|
| 245 | 1 | 0 |
_aAurora roja _b: novela / _cPío Baroja. |
| 260 |
_aMadrid : _bCid, _c[1959] |
||
| 300 |
_a335 p. ; _c19 cm. |
||
| 490 | 1 | _aAltor | |
| 830 | 0 |
_aAltor _9181236 |
|
| 852 |
_aES-MaACL _jC-16687 |
||
| 999 |
_c29737 _d29737 |
||